|
|
|
|
| LEADER |
01037cam a2200253 i 4500 |
| 001 |
13571830 |
| 003 |
GR-PaULI |
| 005 |
20220805132855.0 |
| 008 |
181008s2004 fr a g 000 0 fre d |
| 952 |
|
|
|0 0
|1 0
|2 ddc
|4 0
|6 792_023300000000000_092_PY_FON
|7 0
|9 226504
|a THST
|b THST
|d 2018-10-08
|l 0
|o 792.0233 092 PY FON
|p 025000255531
|r 2018-10-08 00:00:00
|t 1
|v 2018.00
|w 2018-10-08
|y BKN
|
| 999 |
|
|
|c 136681
|d 136681
|
| 010 |
|
|
|a 2004430697
|
| 020 |
|
|
|a 2909550397
|
| 040 |
|
|
|a DLC
|c DLC
|d DLC
|d GR-PaULI
|b gre
|e AACR2
|
| 082 |
0 |
4 |
|a 792.0233 092
|2 23
|
| 100 |
1 |
|
|a Fonteray, Alain.
|9 171508
|e φωτογράφος
|
| 245 |
1 |
0 |
|a Olivier Py :
|b epopées théâtrales /
|c Alain Fonteray.
|
| 260 |
|
|
|a Brinon-sur-Sauldre :
|b Grandvaux,
|c [2004].
|
| 300 |
|
|
|a 141 σ. :
|b εικ. ;
|c 32 εκ.
|
| 600 |
1 |
4 |
|a Py, Olivier
|9 147108
|d 1965-
|
| 650 |
|
4 |
|9 171476
|a Θέατρα
|x Σκηνογραφία και σκηνικά
|x Κατάλογοι.
|
| 650 |
|
4 |
|a Θέατρα
|x Σκηνογραφία και σκηνικά
|9 149242
|
| 942 |
|
|
|2 ddc
|c BKN
|
| 998 |
|
|
|c ΜΑΝΙΑ
|d 2018-10
|